One piece - Les neufs foureaux rouges - Statistiques

Statistiques générales
  • Ce quiz a été pris 511 fois
  • Le résultat moyen est 8 sur 9
Statistiques - réponses
Indice Membres % Correct
Il a manger le Fuku Fuku no Mi, le fruit du déguisement. Kinemon
99%
A trahis les neufs fourreaux rouges. Kanjuro
92%
Maitre chat de Zoo Nekomamushi
90%
Utilise des techniques ninja. Raizo
90%
Maitre chien de Zoo Inuarashi
86%
Ancien fourreau rouge. A rejoins l’équipage de Barbe Blanche. Izou
85%
A rejoins Oden alors qu'elle n’était qu'une enfant Kikunojo
80%
Kappa, il a été emprisonner dans la prison d'Udon Kawamatsu
78%
Devenu le sous-fifre d'Orochi après la mort d'Oden. Denjiro
76%
Aucun quiz correspondant
Distribution des résultats
% des personnes avec chaque résultat
Percentile par nombre de réponses
Votre historique - résultats
Vous n’avez pas pris ce quiz